000 00693nam a2200193Ia 4500
008 151121s9999||||xx |||||||||||||| ||und||
082 _a813-/तावडे
082 _bHNW-64282
100 _aतावडे उमेशचंद्र
245 _aअसुन डोळा आंधळा तो
260 _bमारया प्रकाशन।डोंबिवली।
260 _c--
300 _a92
600 _aतावडे उमेशचंद्र
630 _aअसुन डोळा आंधळा तो
700 _aतावडे उमेशचंद्र
730 _aअसुन डोळा आंधळा तो
942 _cBOOK
999 _c1245809
_d1245806